| 000 | 00434nam a2200133Ia 4500 | ||
|---|---|---|---|
| 008 | 170221s9999 xx 000 0 und d | ||
| 100 | _aShaista Wasiuzzaman | ||
| 245 | _aDeterminants of Working Capital Investment: A Study of Malaysian PublicListed Firms | ||
| 245 | _cShaista Wasiuzzaman and Veeri Chettiar Arumugam | ||
| 260 | _c2014 | ||
| 300 | _a3 : 3 | ||
| 650 | _xBusiness | ||
| 856 | _uhttp://ro.uow.edu.au/aabfj/vol7/iss2/5/ | ||
| 999 |
_c313242 _d313242 |
||